ALU Brands - Countries - Statistics

General Stats
  • This quiz has been taken 12 times
  • The average score is 20 of 28
Answers on the Map
Answers color-coded by a green-red scale on the quiz's map according to % correct below.
 
Answer Stats
Answer Brands % Correct
France Citroën | Peugeot | Renault + more
91%
Germany Porsche | Apollo | Volkswagen + more
91%
Japan Honda | Lexus | Nissan + more
91%
Spain Spania GTA
91%
Sweden Koenigsegg
91%
Australia Bolwell | Brabham
82%
China NIO | TechRules
82%
Italy Pagani | Lamborghini | De Tomaso + more
82%
South Korea Hyundai
82%
UK TVR | Bentley | McLaren + more
82%
Austria Deus | KTM | Tushek
73%
California RAESR | Trion | Saleen + more
73%
Croatia Rimac
73%
Poland Arrinera
73%
Texas BXR | Hennessey
73%
UAE Devel | W Motors | Ajlani
73%
Bulgaria SIN
64%
Canada HTT
64%
Czechia Praga
64%
Denmark Zenvo | Lego Technic
64%
Michigan Chevrolet | Ford | Dodge + more
64%
Netherlands Donkervoort | Vencer
64%
New York Glickenhaus
64%
Washington SSC
55%
Finland Toroidion
45%
Florida Exotic Rides | Mosler
45%
Mexico Inferno Automobili
36%
Singapore Vanda Electrics
36%
No matching quizzes found
Score Distribution
Percent of People with Each Score
Percentile by Number Answered
Your Score History
You have not taken this quiz